Medium term expenditure framework(MTEF) FOR 2015-2017. Programme based budget estimates for 2015. Ministry of Roads and Highways (MRH) (Record no. 1431)

MARC details
000 -LEADER
fixed length control field 00549nam a2200157Ia 4500
008 - FIXED-LENGTH DATA ELEMENTS--GENERAL INFORMATION
fixed length control field 240428s9999||||xx |||||||||||||| ||und||
041 ## - LANGUAGE CODE
Language code of text/sound track or separate title eng
082 ## - DEWEY DECIMAL CLASSIFICATION NUMBER
Classification number MTEF/MRH/15
100 ## - MAIN ENTRY--PERSONAL NAME
Personal name Ministry of Finance
245 #0 - TITLE STATEMENT
Title Medium term expenditure framework(MTEF) FOR 2015-2017. Programme based budget estimates for 2015. Ministry of Roads and Highways (MRH)
260 ## - PUBLICATION, DISTRIBUTION, ETC.
Name of publisher, distributor, etc. Ministry of Finance
Place of publication, distribution, etc. Accra
Date of publication, distribution, etc. 2015
300 ## - PHYSICAL DESCRIPTION
Extent iii, 34p; tabs.
650 ## - SUBJECT ADDED ENTRY--TOPICAL TERM
Topical term or geographic name entry element 2015 Medium term expenditure framework Ministry of Roads and Highways
942 ## - ADDED ENTRY ELEMENTS (KOHA)
Koha item type Budget - MMDAs
Holdings
Withdrawn status Lost status Damaged status Not for loan Home library Current library Shelving location Date acquired Total checkouts Full call number Date last seen Copy number Price effective from Koha item type
        Main Library Main Library Open Shelves 14/07/2022   MTEF/MRH/15 1460 29/04/2024 1 29/04/2024 Budget - MMDAs
©2026  Parliament of Ghana Library - All rights reserved